|
|
|
|
| LEADER |
00000nab a2200000 ar4500 |
| 001 |
vtls009285983 |
| 003 |
SK-MaSNL |
| 005 |
20260303060225.0 |
| 008 |
080416c20080408xo mr|p|||||||000 b|slo |
| 015 |
|
|
|a SNKBUCL2008/05
|2 snkbucl
|
| 038 |
|
|
|a SNKBUCL
|
| 040 |
|
|
|a SNKBUCL
|b slo
|c SNKBUCL
|e AACR2
|
| 041 |
0 |
|
|a slo
|
| 044 |
|
|
|a xo
|c SK
|
| 080 |
|
|
|a 796.966.093.1
|2 2001
|
| 245 |
0 |
0 |
|a Košický uragán uhasil belasý ohník
|
| 300 |
|
|
|b Fotogr., tab.
|
| 648 |
|
7 |
|a sezóna 2007/2008
|2 snkbucl
|9 831001
|
| 650 |
0 |
7 |
|a ľadový hokej
|2 snkbucl
|9 3231
|
| 650 |
0 |
7 |
|a extraliga
|2 snkbucl
|9 18992
|
| 650 |
0 |
7 |
|a finále play-off
|2 snkbucl
|9 73149
|
| 650 |
0 |
7 |
|a piaty zápas
|2 snkbucl
|9 1034618
|
| 773 |
0 |
|
|t Šport
|g Roč. 62, č. 82 (8.4.2008), s. 15
|x 0139-7001
|
| 852 |
|
|
|a SNK
|b KIS3GCP
|
| 999 |
|
|
|c 1730639
|d 1732569
|